Tecla Merlo (Record n. 37847)
[ formato base ]
| 000 -LEADER | |
|---|---|
| fixed length control field | 00766nam a22001817a 4500 |
| 003 - CONTROL NUMBER IDENTIFIER | |
| control field | IT-RoPau |
| 005 - DATE AND TIME OF LATEST TRANSACTION | |
| control field | 20220918175939.0 |
| 008 - FIXED-LENGTH DATA ELEMENTS--GENERAL INFORMATION | |
| fixed length control field | 130125b xxu||||| |||| 00| 0 eng d |
| 040 ## - CATALOGING SOURCE | |
| Transcribing agency | IT-RoPau |
| 100 ## - MAIN ENTRY--PERSONAL NAME | |
| Personal name | Ambrosi, Olga |
| 9 (RLIN) | 255 |
| 245 ## - TITLE STATEMENT | |
| Title | Tecla Merlo |
| Remainder of title | (una vita a servzio del Vangelo) |
| 250 ## - EDITION STATEMENT | |
| Edition statement | III |
| 260 ## - PUBLICATION, DISTRIBUTION, ETC. (IMPRINT) | |
| Place of publication, distribution, etc. | Alba |
| Name of publisher, distributor, etc. | FSP |
| Date of publication, distribution, etc. | 1983 |
| 300 ## - PHYSICAL DESCRIPTION | |
| Extent | 160 p, con foto |
| Dimensions | 21 cm |
| 490 ## - SERIES STATEMENT | |
| Series statement | Edizioni Paoline |
| Volume/sequential designation | I |
| 520 ## - SUMMARY, ETC. | |
| Summary, etc. | Indice<br/><br/>Nota dell'Autrice alla terza edizione<br/>Prefazione<br/>Donna di raro equilibrio<br/>Prima educazione<br/>Fanciulezza e giovinezza<br/>La grande decisione<br/>La <<Prima Maestra>><br/>Virtù nascoste<br/>Fede, fortezza, dolcezza<br/>Amore a Dio<br/>Carità verso gli altri<br/>La sua preghiera<br/>Slancio apostolico<br/>L'offerta della vita<br/>Di lei hanno detto<br/> |
| 942 ## - ADDED ENTRY ELEMENTS (KOHA) | |
| Source of classification or shelving scheme | Dewey Decimal Classification |
| Koha item type | LIBRO |
| Withdrawn status | Lost status | Source of classification or shelving scheme | Damaged status | Not for loan | Home library | Current library | Date acquired | Total Checkouts | Full call number | Date last seen | Price effective from | Koha item type |
|---|---|---|---|---|---|---|---|---|---|---|---|---|
| Dewey Decimal Classification | Buone Condizioni | Not For Loan | PAULUS-BIBLIOTECA | PAULUS-BIBLIOTECA | 25/01/2013 | P B4 | 25/01/2013 | 25/01/2013 | LIBRO | |||
| Dewey Decimal Classification | Buone Condizioni | Not For Loan | PAULUS-BIBLIOTECA | PAULUS-BIBLIOTECA | 16/12/2013 | P B4 | 16/12/2013 | 16/12/2013 | LIBRO |